000 00496nam a2200181Ia 4500
005 20250326123433.0
008 250326s9999 xx 000 0 und d
037 _aTextbook
040 _aFMSL
_beng
_cFMSL
041 _aeng
_2eng
084 _aX:97 P3
_qFMSL
100 _aSen R
_9735136
245 0 _aIndustrial relations in India : shifting paradigms
_cSen R
260 _aDelhi
_bDelhi, Macmillan
_c2003
300 _a507p
942 _cTB
_hX:97 P3
999 _c1269359
_d1269359